LEADER 01893nam 2200397z- 450 001 9910888793603321 005 20260217100312.0 035 $a(CKB)5670000001009015 035 $a(IL-JeEL)995670000001009015 035 $a(EXLCZ)995670000001009015 100 $a20241001c2024uuuu -u- | 101 0 $ager 135 $aurcn#nnn||||| 181 $ctxt$2rdacontent 182 $cc$2rdamedia 183 $acr$2rdacarrier 200 10$aMateriell nichtlineare Kontinuumsmodellierung ferroelektrischer Funktionskeramiken mit piezoelektrischen und flexoelektrischen Eigenschaften /$fFelix Sutter 210 1$aKarlsruhe:$cKIT Scientific Publishing,$d2024. 215 $a1 online resource 225 1 $aSchriftenreihe des Instituts fu?r Angewandte Materialien, Karlsruher Institut fu?r Technologie;$v116 311 08$a3-7315-1337-4 311 08$a9783731513377 320 $aIncludes bibliographical references and index. 330 $aThe present work deals with the development of a macroscopic continuum model to investigate the influence of the flexoelectric effect on microstructural domain switching processes in ferroelectric ceramics. It is of interest whether direct flexoelectricity can initiate a poling process in piezoceramics and if indirect flexoelectricity can improve the actuator performance of an IDE wafer 606 $aPiezoelectricity$xMathematical models 606 $aActuators$xPerformance 606 $aCeramics$xMicrostructure 615 0$aPiezoelectricity$xMathematical models. 615 0$aActuators$xPerformance. 615 0$aCeramics$xMicrostructure. 676 $a620.14 700 $aSutter$b Felix$01893841 906 $aBOOK 912 $a9910888793603321 996 $aMateriell nichtlineare Kontinuumsmodellierung ferroelektrischer Funktionskeramiken mit piezoelektrischen und flexoelektrischen Eigenschaften$94543487 997 $aUNINA